000
00277nam a22001337a 4500
008
171204b xxu||||| |||| 00| 0 eng d
020
_a
9780026354349
041
_a
eng
080
_a
82
100
_a
21
101
_a
GJL
245
_a
LITERATURE
_c
CHIN.B.A
942
_2
udc
_c
BK
999
_c
38774
_d
38774